000
00233nam a2200097Ia 4500
001
711465
005
20250826162808.0
008
250824s9999 xx 000 0 und d
245
0
_a
ADI:AYLİN
_c
AYŞE KULİN
260
_b
EVEREST YAYINLARI
999
_c
711465
_d
711465